000 00863nam a2200253Ia 4500
003 OSt
005 20221005111930.0
006 a|||||r|||| 00| 0
007 ta
008 221004b |||||||| |||| 00| 0 san d
024 _a32975
037 _cTextual
040 _aCRL
_cCRL
_bsan
041 _2san
_asan
082 _aO15,1D61x, 152M8
100 _aभर्तृहरि
245 0 _aनीतिशतकम्
246 _aNītishatakam
260 _aवाराणसी
_bचौखम्बा सुरभारती प्रकाशन भारत
_c1988
490 _aचौखम्बा सुरभारती ग्रंथमाला; 10
650 _aसंस्कृत साहित्य
942 _hO15,1D61x, 152M8
_cTEXL
_2cc
999 _c1023342
_d1023342